ऋक्सूक्तमणिमाला (Record no. 378019)

MARC details
000 -LEADER
fixed length control field 00933nam a2200265Ia 4500
003 - CONTROL NUMBER IDENTIFIER
control field OSt
005 - DATE AND TIME OF LATEST TRANSACTION
control field 20220923225413.0
008 - FIXED-LENGTH DATA ELEMENTS--GENERAL INFORMATION
fixed length control field 220922b |||||||| |||| 00| 0 san d
037 ## - SOURCE OF ACQUISITION
Terms of availability Textual
040 ## - CATALOGING SOURCE
Original cataloging agency ARTS
Transcribing agency ARTS
Language of cataloging san
041 ## - LANGUAGE CODE
Source of code san
Language code of text/sound track or separate title san
100 ## - MAIN ENTRY--PERSONAL NAME
Personal name चौबे, व्रजबिहारी
245 #0 - TITLE STATEMENT
Title ऋक्सूक्तमणिमाला
246 ## - VARYING FORM OF TITLE
Title proper/short title Ṛuksūktamaṇimālā
260 ## - PUBLICATION, DISTRIBUTION, ETC.
Place of publication, distribution, etc. होशियारपुर
Name of publisher, distributor, etc. काप्यायन वैदिक साहित्य प्रकाशन
Date of publication, distribution, etc. 2010
300 ## - PHYSICAL DESCRIPTION
Extent 464पृ0
Dimensions cm.
650 ## - SUBJECT ADDED ENTRY--TOPICAL TERM
Topical term or geographic name entry element धर्म
942 ## - ADDED ENTRY ELEMENTS (KOHA)
Classification part Q11:21x, 152Q2
Koha item type Textual
Source of classification or shelving scheme Colon Classification (CC)
Holdings
Withdrawn status Lost status Damaged status Not for loan Home library Current library Date acquired Source of acquisition Cost, normal purchase price Total Checkouts Total Renewals Full call number Barcode Date last seen Date last checked out Cost, replacement price Price effective from Koha item type
        Arts Library Arts Library 2022-09-23 54, 12/06/2012, Eastern Book Linkers 350.00 1 1 Q11:21x 152Q2 AL1487229 2025-02-06 2025-01-02 350.00 2022-09-23 Textual
Copyright @ Delhi University Library System